[Event "ITA-ch38"]
[Site "Castelvecchio Pascoli"]
[Date "1977.??.??"]
[Round "8"]
[White "Zichichi, Alvise"]
[Black "Taruffi, Daniele"]
[Result "0-1"]
[WhiteElo "2350"]
[BlackElo "2325"]

1.Nf3 d5 2.c4 e6 3.d4 Nf6 4.Nc3 Nbd7 5.Bg5 c6 6.cxd5 exd5 7.e3 h6 8.Bh4 Be7
9.Qc2 O-O 10.Bd3 Re8 11.O-O Ne4 12.Bxe7 Qxe7 13.Bxe4 dxe4 14.Nd2 Nf6 15.a3 Bg4
16.h3 Bd7 17.b4 g5 18.f3 exf3 19.Rxf3 g4 20.hxg4 Bxg4 21.Rg3 h5 22.e4 h4
23.Rd3 Nh5 24.Nf1 f5 25.Re1 Kh8 26.Qf2 Qg5 27.exf5 Rxe1 28.Qxe1 Nf4 29.Qe5+ Kg8
30.Ne4 Qxf5 31.Nf6+ Kf7 32.Nxg4 Qxg4 33.Rd2 Re8 34.Ne3 Rxe5 35.Nxg4 Re2 36.Rxe2 Nxe2+
37.Kf2 Nxd4 38.Ne5+ Ke6 39.Nd3 b5 40.Nf4+ Kf5 41.Nd3 Nc2 42.Kf3 Nxa3 43.Nc5 Nc2
44.Na6 Nd4+ 45.Ke3 Ke5 46.Kd3 Ne6 47.Ke3 Kd5 48.Kf3 c5 49.bxc5 Nxc5 50.Nb4+ Kc4
51.Nc6 b4 52.Ke3 a6 53.Kd2 Nb3+ 54.Ke3 a5 55.Ne5+ Kc3  0-1

[Event "US-op"]
[Site "Columbus"]
[Date "1977.??.??"]
[Round "?"]
[White "Christiansen, Larry Mark"]
[Black "Bisguier, Arthur Bernard"]
[Result "1/2-1/2"]
[WhiteElo "2460"]
[BlackElo "2425"]

1.Nf3 d5 2.c4 e6 3.d4 Nf6 4.Nc3 Be7 5.g3 O-O 6.Bg2 Nbd7 7.O-O dxc4 8.e4 a6
9.Re1 b5 10.e5 Nd5 11.Nxd5 exd5 12.h4 Nb6 13.Qc2 Bg4 14.Ng5 Bxg5 15.Bxg5 Qd7
16.Qd2 h6 17.Bf4 Rae8 18.Kh2 f6 19.exf6 Rxe1 20.Rxe1 Rxf6 21.Be5 Rf8 22.f4 Re8
23.Qa5 Qc6 24.Qb4 Nd7 25.Bxg7 Rxe1 26.Qxe1 Kxg7 27.Qe7+ Kg8 28.Qe8+ Kg7 29.Qe7+  1/2-1/2

[Event "CSR-ch int"]
[Site "Decin"]
[Date "1977.??.??"]
[Round "1"]
[White "Plachetka, Jan"]
[Black "Bednarski, Jacek B"]
[Result "0-1"]
[WhiteElo "2455"]
[BlackElo "2400"]

1.Nf3 d5 2.c4 e6 3.d4 Nf6 4.Nc3 Be7 5.Bg5 O-O 6.e3 h6 7.Bh4 Ne4 8.Bxe7 Qxe7
9.Qc2 Nxc3 10.Qxc3 b6 11.cxd5 exd5 12.Rc1 c6 13.Be2 Be6 14.O-O Rc8 15.Ne5 c5
16.Qa3 Nc6 17.Nxc6 Rxc6 18.Rc3 Rc7 19.Bf3 Rac8 20.dxc5 bxc5 21.Rd1 d4 22.exd4 cxd4
23.Qxe7 Rxe7 24.Rxc8+ Bxc8 25.h4 Be6 26.b3 Rd7 27.Be4 g5 28.hxg5 hxg5 29.Kf1 f5
30.Bd3 Kf7 31.Rc1 Kf6 32.Ke2 Ke7 33.Kd2 Kd6 34.Bc4 Rh7 35.Bxe6 Kxe6 36.Rc6+ Kd5
37.Ra6 Rh2 38.Kd3 Rxg2 39.Ra5+ Ke6 40.Kxd4 Rxf2 41.Ra6+ Kf7 42.Rxa7+ Kg6
43.a4 g4 44.Ra8 Kg7 45.Ra7+ Kf6 46.Ra6+ Kg5 47.Ra8 g3 48.Rg8+ Kf4 49.a5 Ra2
50.b4 g2 51.a6 Kf3 52.b5 Kf2 53.Kc5 g1=Q 54.Rxg1 Kxg1 55.b6 Ra5+  0-1

[Event "CSR-ch int"]
[Site "Decin"]
[Date "1977.??.??"]
[Round "3"]
[White "Rukavina, Josip"]
[Black "Spiridonov, Nikola"]
[Result "1-0"]
[WhiteElo "2410"]
[BlackElo "2420"]

1.Nf3 d5 2.c4 c6 3.e3 Nf6 4.Nc3 g6 5.d4 Bg7 6.Bd3 O-O 7.O-O Be6 8.b3 c5 9.Bb2 Nc6
10.Na4 cxd4 11.exd4 b6 12.c5 bxc5 13.dxc5 Bg4 14.Bb5 Rc8 15.Bxc6 Rxc6 16.h3 Bxf3
17.Qxf3 Ne4 18.Bxg7 Kxg7 19.Qd3 Nf6 20.b4 e5 21.f4 Qb8 22.fxe5 Qxe5 23.Nc3 Re6
24.Rae1 Qxe1 25.Rxe1 Rxe1+ 26.Kh2 Ne4 27.Qxd5 Nxc3 28.Qd4+ Kg8 29.Qxc3 Re2
30.c6 Rxa2 31.c7 Rc8 32.Qd3 Rxc7 33.Qd8+ Kg7 34.Qxc7 Ra6 35.Qc3+ f6 36.Qc7+ Kh6
37.Qe7 g5 38.Qf7 Rb6 39.g4 a6 40.Kg2 Rc6  1-0

[Event "CSR-ch int"]
[Site "Decin"]
[Date "1977.??.??"]
[Round "11"]
[White "Sikora Lerch, Jan"]
[Black "Prandstetter, Eduard"]
[Result "1-0"]
[WhiteElo "2410"]
[BlackElo "2385"]

1.Nf3 d5 2.c4 d4 3.d3 Nc6 4.g3 e5 5.Bg2 Nf6 6.O-O Bd6 7.e3 O-O 8.exd4 Nxd4
9.Nxd4 exd4 10.Nd2 c5 11.Ne4 Nxe4 12.Bxe4 Rb8 13.Re1 Be6 14.Qh5 f5 15.Bxb7 Bxc4
16.Qf3 Bf7 17.Bd5 Bc7 18.Bxf7+ Rxf7 19.b3 Ba5 20.Re5 Bc3 21.Rb1 Qa5 22.Qe2 Rbf8
23.Bg5 Bb4 24.Be7 Re8 25.a3 Bxa3 26.Bd6 Rxe5 27.Qxe5 Qb5 28.Re1 h6 29.Qd5 Qb7
30.Qc4 Kh7 31.h4 Qd7 32.Re6 a6 33.h5 Bb4 34.Rg6 Rf6 35.Rxf6 gxf6 36.Qxa6 Qf7
37.Qc8 Qxh5 38.Qd7+ Kg8 39.Qd8+ Kh7 40.Qe7+ Kg8 41.Qxf6  1-0

[Event "SVK-ch"]
[Site "Detva"]
[Date "1977.??.??"]
[Round "6"]
[White "Banas, Jan"]
[Black "Privara, Igor"]
[Result "1-0"]
[WhiteElo "2330"]
[BlackElo "2360"]

1.Nf3 d5 2.c4 e6 3.g3 Nf6 4.Bg2 c5 5.cxd5 exd5 6.d4 Nc6 7.O-O Be7 8.Nc3 O-O
9.b3 Ne4 10.Bb2 Bf6 11.Na4 Re8 12.Rc1 cxd4 13.Nxd4 Bd7 14.Nc5 Nxd4 15.Bxd4 Bb5
16.Re1 Bc6 17.e3 Qe7 18.Re2 Rad8 19.Rec2 Be5 20.Qd3 Qf6 21.Rd1 Nd6 22.Bxe5 Qxe5
23.Rcd2 Nb5 24.Nxb7 Rc8 25.Na5 Nc3 26.Nxc6 Rxc6 27.Re1 h5 28.Bxd5 Nxd5 29.Qxd5 Qxd5
30.Rxd5 Rc2 31.Ra5 Re7 32.Rd1 g6 33.h4 Rec7 34.Rd4 Rb2 35.Rf4 Kg7 36.Kg2 Kg8
37.b4 Kg7 38.a3 Ra2 39.Ra6 Rb2 40.Rf3 Kg8 41.Rf4 Kg7 42.Ra5 Rb7 43.g4 hxg4
44.Rxg4 Kh6 45.h5 gxh5 46.Rgg5 Ra2 47.Rxh5+ Kg6 48.Rhd5 Rc7 49.Ra6+ Kg7 50.Kg3 Kg8
51.Rda5 Rcc2 52.Rg5+ Kf8 53.Rf5 Rc7 54.Rfa5 Rcc2 55.f3 Rc3 56.Rxa7 Rxe3 57.Rf5 Raxa3
58.Rfxf7+ Ke8 59.Rxa3 Rxa3 60.Rb7 Rb3 61.Kg4 Kd8 62.f4 Kc8 63.Rb5 Kc7 64.f5 Kc6
65.Re5 Rxb4+ 66.Kg5 Rb1 67.Kf6 Kd7 68.Kf7 Rd1 69.f6 Rd2 70.Rg5 Rd1 71.Rg2 Rf1
72.Rd2+ Kc6 73.Ke7 Re1+ 74.Kf8 Rf1 75.f7 Rg1 76.Rd4  1-0

[Event "DDR-ch 26th"]
[Site "Frankfurt/Oder"]
[Date "1977.??.??"]
[Round "2"]
[White "Espig, Lutz"]
[Black "Moehring, Guenther"]
[Result "1/2-1/2"]
[WhiteElo "2420"]
[BlackElo "2400"]

1.Nf3 d5 2.c4 e6 3.g3 Nf6 4.Bg2 c5 5.O-O Nc6 6.cxd5 Nxd5 7.d4 Be7 8.dxc5 Bxc5
9.Qc2 Qe7 10.a3 O-O 11.b4 Bb6 12.Bb2 Bd7 13.Nbd2 Rac8 14.Nc4 Bc7 15.Qb3 Rfd8
16.Rfd1 Be8 17.Rac1 a6 18.Nfe5 Bxe5 19.Nxe5 Nxe5 20.Bxe5 Rxc1 21.Rxc1 Bc6
22.e3 Qd7 23.Ba1 Ne7 24.e4 Qd2 25.Qc3 Qxc3 26.Bxc3 f6 27.f3 Bb5 28.Kf2 Kf7
29.f4 Bc6 30.Bf3 Rd7 31.Rc2 Nc8 32.Bb2 Nd6 33.e5 Ne4+ 34.Ke3 f5 35.Bd4 h6
36.g4 g6 37.gxf5 gxf5 38.Rg2 Bd5 39.Bh5+ Kf8 40.Rc2 Bc6 41.Be2 Bd5 42.Rc8+ Kg7
43.b5 axb5 44.Bxb5 Rf7 45.Bc5 Nxc5 46.Rxc5 b6 47.Rc3 Ra7 48.Kd4 Kf7 49.a4 Kg7
50.Rc8 Bb3 51.Rc3 Bd5 52.Ke3 Kf7 53.Kd2 Kg6 54.Be8+ Kg7 55.Ke2 Kf8 56.Bb5 Rg7
57.Rg3 Rg4 58.Rxg4 fxg4 59.Kd2 h5 60.Ke3 h4 61.Kf2 Be4 62.Be2 Bf5 63.Ke3 Ke7
64.Kf2 Kd7 65.Bb5+ Kc7 66.Ke3 Kb8 67.Kf2 Kc8 68.Ke3 Kc7 69.Kf2 Kd8 70.Be2 Kc8
71.Ba6+ Kb8 72.Be2 Ka8 73.Bc4 Kb7 74.Bb5 Kc7 75.Ke3 Bc2 76.Be2 g3 77.hxg3 hxg3
78.Bc4  1/2-1/2

[Event "DDR-ch (Women)"]
[Site "Frankfurt/Oder"]
[Date "1977.??.??"]
[Round "4"]
[White "Braun, Regine"]
[Black "Tornack, Petra"]
[Result "0-1"]
[WhiteElo "1805"]
[BlackElo "1820"]

1.Nf3 d5 2.c4 Nf6 3.e3 e6 4.b3 c5 5.Bb2 Nc6 6.cxd5 exd5 7.d4 cxd4 8.Nxd4 Bb4+
9.Nc3 Qa5 10.Qd3 Ne4 11.Rc1 Qxa2 12.Qc2 Nxd4 13.exd4 Bf5 14.Bb5+ Kd8 15.O-O Bxc3
16.Ba4 Qxb2 17.Qd3 a6 18.Qf3 Be6 19.b4 Bxd4 20.Rc2 Qxb4 21.Qf4 Qxa4 22.Qc7+ Ke8  0-1

[Event "DDR-ch (Women)"]
[Site "Frankfurt/Oder"]
[Date "1977.??.??"]
[Round "6"]
[White "Braun, Regine"]
[Black "Camin, Gesine"]
[Result "1-0"]
[WhiteElo "1805"]
[BlackElo "1940"]

1.Nf3 d5 2.c4 e6 3.e3 Nf6 4.Nc3 c5 5.cxd5 exd5 6.d4 Nc6 7.dxc5 Bxc5 8.Bb5 O-O
9.O-O Bg4 10.Be2 Qd7 11.Na4 Be7 12.b3 a6 13.Bb2 Rad8 14.Rc1 Bd6 15.Bxf6 gxf6
16.Kh1 Qf5 17.Nh4 Bxe2 18.Qxe2 Qe4 19.Qh5 Ne7 20.Rfd1 Kh8 21.Nc3 Qe5 22.Qxe5 fxe5
23.Nxd5 Ba3 24.Nxe7 Bxc1 25.Rxc1 Rd2 26.Kg1 Rfd8 27.g3 Rxa2 28.Nef5 Rad2
29.Rc4 f6 30.Nh6 Kg7 31.N4f5+ Kf8 32.Ng4 Kf7 33.h4 Rb2 34.Rc7+ Ke6 35.e4 Rd7
36.Rc8 Rd1+ 37.Kg2 h5 38.Rc7 Rd7 39.Rxd7 Kxd7 40.Nxf6+ Ke6 41.Nxh5 Rxb3 42.Nhg7+ Kf7
43.h5 a5 44.h6 Kg6 45.Ne6 Kh7 46.Nf8+ Kh8 47.Nd6  1-0

[Event "DDR-ch (Women)"]
[Site "Frankfurt/Oder"]
[Date "1977.??.??"]
[Round "8"]
[White "Braun, Regine"]
[Black "Janssen, Lieselotte"]
[Result "1/2-1/2"]
[WhiteElo "1805"]
[BlackElo "1900"]

1.Nf3 d5 2.c4 c6 3.e3 Nf6 4.Be2 e6 5.O-O Bd6 6.d4 O-O 7.c5 Bc7 8.b4 Nbd7
9.Bb2 Qe7 10.Re1 e5 11.h3 e4 12.Nh2 Ne8 13.Nd2 f5 14.Ndf1 Qg5 15.g3 Ndf6
16.Bc1 h5 17.h4 Qg6 18.Kg2 Ng4  1/2-1/2

[Event "DDR-ch 26th"]
[Site "Frankfurt/Oder"]
[Date "1977.??.??"]
[Round "12"]
[White "Vogt, Lothar"]
[Black "Baumbach, Friedrich"]
[Result "1-0"]
[WhiteElo "2485"]
[BlackElo "2395"]

1.Nf3 d5 2.c4 e6 3.g3 Nf6 4.Bg2 c5 5.O-O Be7 6.cxd5 exd5 7.d4 Nc6 8.Nc3 Bg4
9.Ne5 cxd4 10.Nxg4 Nxg4 11.Nxd5 O-O 12.e3 Nf6 13.Nxe7+ Qxe7 14.exd4 Rfd8
15.Be3 Qd7 16.Qb3 Nxd4 17.Bxd4 Qxd4 18.Rad1 Qc5 19.Qxb7 Rab8 20.b4 Qf8 21.Rxd8 Qxd8
22.Qxa7 Rxb4 23.a4 g6 24.a5 Ra4 25.Qb6 Qe7 26.a6 Kg7 27.Bb7 Qa3 28.Rb1 Nd7
29.Qc7 Qd3 30.Qc1 Qd4 31.Qb2 Qxb2 32.Rxb2 Kf6 33.Kg2 Ra3 34.Bc8 Nc5 35.Rb6+ Ke5
36.Rc6 Kd5 37.Rf6 Ra2 38.Rxf7 Nxa6 39.Bxa6 Rxa6 40.Rxh7 Ke5 41.h4 Kf5 42.Rf7+ Ke6
43.Rf4 Ra5 44.Kh3 Rb5 45.Kg4 Ra5 46.Rb4  1-0

[Event "Concordia"]
[Site "Hamburg"]
[Date "1977.??.??"]
[Round "2"]
[White "Wirthensohn, Heinz"]
[Black "Castro Rojas, Oscar Humberto"]
[Result "1-0"]
[WhiteElo "2390"]
[BlackElo "2410"]

1.Nf3 d5 2.c4 dxc4 3.e3 a6 4.a4 Nc6 5.Bxc4 Nf6 6.d4 Bg4 7.Nbd2 e5 8.h3 Bh5
9.g4 Bg6 10.Nxe5 Nxe5 11.dxe5 Nd7 12.Nf3 Bb4+ 13.Bd2 Qe7 14.O-O Bxd2 15.Qxd2 Rd8
16.Qe2 h5 17.Rfd1 hxg4 18.hxg4 Be4 19.Rd4 Qg5 20.Bxf7+ Ke7 21.Rxe4 Qh6 22.Bh5 g6
23.Nh4 Rdg8 24.Qc4 Kd8 25.Rd1 Kc8 26.Nxg6 Rxg6 27.Rxd7 Rc6 28.Qf7 Rc1+ 29.Kg2 Qg5
30.Qe7 Qh6 31.Qg7  1-0

[Event "URS-ch45"]
[Site "Leningrad"]
[Date "1977.??.??"]
[Round "?"]
[White "Grigorian, Karen Ashotovich"]
[Black "Sveshnikov, Evgeny"]
[Result "1/2-1/2"]
[WhiteElo "2465"]
[BlackElo "2520"]

1.Nf3 d5 2.c4 e6 3.b3 Nf6 4.Bb2 Bd6 5.g3 b6 6.cxd5 exd5 7.Bg2 O-O 8.O-O Re8
9.Nc3 Bb7 10.Rc1 a6 11.Nh4 Nbd7 12.d3 Rc8 13.e4 dxe4 14.Nxe4 Nxe4 15.dxe4 Nc5
16.Nf5 Be5 17.Bxe5 Rxe5 18.f4 Qxd1 19.Rfxd1 Ree8 20.e5 Bxg2 21.Kxg2 a5 22.Kf3 Rcd8
23.Ne7+ Kf8 24.Nc6 Rxd1 25.Rxd1 f6 26.h4 Re6 27.Rd8+ Kf7 28.Nd4 Re8 29.Rxe8 Kxe8
30.exf6 gxf6 31.g4 a4 32.b4 Nd3 33.a3 Nb2 34.Ke4 Nc4 35.Nc2  1/2-1/2

[Event "Montilla"]
[Site "Montilla"]
[Date "1977.??.??"]
[Round "5"]
[White "Andersson, Ulf"]
[Black "Calvo Minguez, Ricardo"]
[Result "0-1"]
[WhiteElo "2565"]
[BlackElo "2465"]

1.Nf3 d5 2.c4 d4 3.g3 Nc6 4.d3 e5 5.Bg2 Bb4+ 6.Nbd2 a5 7.O-O Nge7 8.a3 Bd6
9.Ne4 Ng6 10.e3 Be7 11.exd4 exd4 12.Nfg5 h6 13.Nh3 O-O 14.f4 f5 15.Neg5 hxg5
16.Bd5+ Rf7 17.Qh5 Qd6 18.Re1 Bd7 19.fxg5 Nce5 20.Nf4 Ra6 21.Bd2 Bf8 22.Rac1 c5
23.h4 Nh8 24.Qe2 Ng4 25.h5 g6  0-1

[Event "Rubinstein mem"]
[Site "Polanica Zdroj"]
[Date "1977.??.??"]
[Round "5"]
[White "Ghitescu, Theodor"]
[Black "Espig, Lutz"]
[Result "1-0"]
[WhiteElo "2440"]
[BlackElo "2485"]

1.Nf3 d5 2.c4 e6 3.d4 c5 4.e3 Nf6 5.Nc3 a6 6.cxd5 exd5 7.Be2 Nc6 8.O-O Bd6
9.dxc5 Bxc5 10.b3 O-O 11.Bb2 Ba7 12.Rc1 Re8 13.h3 Bf5 14.Na4 Qe7 15.Nd4 Bd7
16.Nxc6 Bxc6 17.Bd4 Bxd4 18.Qxd4 Qa3 19.Bd3 Rad8 20.Nc5 a5 21.Rfd1 h6 22.Bf5 Kf8
23.Rc2 Ra8 24.h4 Ne4 25.Bxe4 dxe4 26.Qd6+ Kg8 27.Nxb7  1-0

[Event "Rubinstein mem"]
[Site "Polanica Zdroj"]
[Date "1977.??.??"]
[Round "8"]
[White "Adamski, Jan"]
[Black "Gulko, Boris F"]
[Result "1/2-1/2"]
[WhiteElo "2470"]
[BlackElo "2585"]

1.Nf3 d5 2.c4 d4 3.g3 Nc6 4.Bg2 e5 5.d3 Nf6 6.O-O Nd7 7.e3 Be7 8.exd4 exd4
9.Re1 O-O 10.Na3 Bf6 11.Nd2 Nde5 12.Be4 Re8 13.Nc2 a5 14.Qe2 Be6 15.Qf1 Be7
16.h3  1/2-1/2

[Event "Rubinstein mem"]
[Site "Polanica Zdroj"]
[Date "1977.??.??"]
[Round "8"]
[White "Espig, Lutz"]
[Black "Farago, Ivan"]
[Result "1/2-1/2"]
[WhiteElo "2485"]
[BlackElo "2500"]

1.Nf3 d5 2.c4 d4 3.e3 Nc6 4.exd4 Nxd4 5.Nxd4 Qxd4 6.Nc3 c6 7.d3 e5 8.Be3 Qd8
9.d4 exd4 10.Qxd4 Qxd4 11.Bxd4 Ne7 12.Ne4 Nf5 13.Bc3 Be7 14.O-O-O O-O 15.g3 Be6
16.h4 Rad8 17.Be2 h6 18.Rxd8  1/2-1/2

[Event "Santos Lugares"]
[Site "Santos Lugares"]
[Date "1977.??.??"]
[Round "8"]
[White "Sanguineti, Raul"]
[Black "Agdamus, Jose Luis"]
[Result "1-0"]
[WhiteElo "2520"]
[BlackElo "2200"]

1.Nf3 d5 2.c4 e6 3.d4 c6 4.Nbd2 f5 5.g3 Nf6 6.Bg2 Nbd7 7.Qc2 Ne4 8.O-O Bd6
9.b3 O-O 10.Bb2 Ndf6 11.Ne5 Qe8 12.Nxe4 fxe4 13.f3 Qh5 14.fxe4 Bxe5 15.dxe5 Ng4
16.Rxf8+ Kxf8 17.h3 Ne3 18.Qd2 Nxg2 19.Kxg2 Bd7 20.g4 Kg8  1-0

[Event "Stary Smokovec"]
[Site "Stary Smokovec"]
[Date "1977.??.??"]
[Round "1"]
[White "Plachetka, Jan"]
[Black "Lerner, Konstantin Z"]
[Result "0-1"]
[WhiteElo "2455"]
[BlackElo "2445"]

1.Nf3 d5 2.c4 e6 3.g3 Nf6 4.Bg2 Be7 5.O-O O-O 6.d4 dxc4 7.Qc2 a6 8.Qxc4 b5
9.Qc2 Bb7 10.Bf4 Bd6 11.Nbd2 Nbd7 12.Rac1 Rc8 13.Nb3 Be4 14.Qd2 Nd5 15.Bxd6 cxd6
16.Rxc8 Qxc8 17.Rc1 Qa8 18.Qa5 Rc8 19.Rxc8+ Qxc8 20.Nfd2 Bxg2 21.Kxg2 N5b6
22.Qb4 Qc6+ 23.e4 h6 24.Qa5 Na4 25.Qd8+ Nf8 26.Na5 Qc2 27.Qe8 Nxb2 28.Nc6 g6
29.d5 exd5 30.Nd8 Qc7 31.exd5 Nc4 32.Ne4 Kg7 33.Nf6 Nb6 34.h4 Kxf6 35.Qxf8 Nxd5
36.h5 gxh5 37.Qxh6+ Ke7 38.Nxf7 Qc6 39.Kh2 Kxf7 40.Qxh5+ Ke7  0-1

[Event "Stary Smokovec"]
[Site "Stary Smokovec"]
[Date "1977.??.??"]
[Round "9"]
[White "Augustin, Josef"]
[Black "Plachetka, Jan"]
[Result "1/2-1/2"]
[WhiteElo "2445"]
[BlackElo "2455"]

1.Nf3 d5 2.c4 c6 3.e3 Nf6 4.b3 Bg4 5.Bb2 e6 6.Be2 Nbd7 7.O-O Bd6 8.d3 O-O
9.Nbd2 Qe7 10.h3 Bxf3 11.Nxf3 Ba3 12.Bxa3 Qxa3 13.Qc1 Qxc1 14.Raxc1 Rfd8
15.Rfd1 a5 16.cxd5 exd5 17.a3 Kf8 18.Rd2 Ne8 19.Rdc2 Nc7 20.d4 Ne8 21.Kf1 Nd6  1/2-1/2

[Event "SWE-ch"]
[Site "?"]
[Date "1977.??.??"]
[Round "?"]
[White "Jansson, Borje"]
[Black "Carleson, Caspar"]
[Result "1-0"]
[WhiteElo "2380"]
[BlackElo "2200"]

1.Nf3 d5 2.c4 c6 3.d4 e6 4.Qc2 Nf6 5.g3 Bb4+ 6.Nbd2 O-O 7.Bg2 Nbd7 8.O-O b6
9.e4 dxe4 10.Nxe4 Nxe4 11.Qxe4 Bb7 12.Bf4 Qe7 13.Qc2 Bd6 14.Bxd6 Qxd6 15.Rad1 Rfd8
16.Rfe1 Rac8 17.h4 Nf6 18.Ne5 Ba8 19.c5 bxc5 20.dxc5 Qe7 21.a3 Nd7 22.Nxd7 Rxd7
23.Rxd7 Qxd7 24.Rd1 Qc7 25.Qd2 h6 26.Qd7 Qb8 27.b4  1-0

[Event "Hoogovens-B"]
[Site "Wijk aan Zee"]
[Date "1977.??.??"]
[Round "6"]
[White "Van der Vliet, Fred"]
[Black "Kupreichik, Viktor D"]
[Result "0-1"]
[WhiteElo "2340"]
[BlackElo "2490"]

1.Nf3 d5 2.c4 d4 3.e3 Nc6 4.d3 e5 5.exd4 Nxd4 6.Nxd4 Qxd4 7.Nc3 Bc5 8.Be3 Qd6
9.Be2 Bxe3 10.fxe3 Ne7 11.Qd2 Bf5 12.Rd1 O-O 13.O-O Rad8 14.d4 c6 15.Bd3 Bg4
16.Be2 Bf5 17.Bd3 Bc8 18.Qf2 f5 19.c5 Qf6 20.Bc4+ Kh8 21.d5 b5 22.d6 bxc4
23.Ne4 fxe4 24.Qxf6 Rxf6 25.dxe7 Rxf1+ 26.Rxf1 Rg8 27.Rf8 Bd7 28.Rd8 Be8
29.Ra8 g5 30.Rxa7 Kg7 31.a4 Bf7 32.a5 Kf6 33.a6 Ke6 34.Rb7 Ra8 35.a7 Kd5
36.Kf1 Kxc5 37.Ke1 Kd6 38.Kd2 c5 39.Kc3 Bd5 40.e8=Q Rxe8 41.Rb8 Kd7 42.Rxe8 Kxe8
43.a8=Q+ Bxa8 44.Kxc4  0-1

[Event "JUG-ch"]
[Site "Zagreb"]
[Date "1977.??.??"]
[Round "11"]
[White "Rukavina, Josip"]
[Black "Nikolac, Juraj"]
[Result "0-1"]
[WhiteElo "2410"]
[BlackElo "2475"]

1.Nf3 d5 2.c4 d4 3.g3 Nc6 4.d3 e5 5.Bg2 Nf6 6.O-O a5 7.e3 Be7 8.exd4 exd4
9.Bg5 O-O 10.Bxf6 Bxf6 11.Na3 Bf5 12.Nc2 Qd6 13.Qd2 h6 14.b3 Rab8 15.Rab1 Nb4
16.Nxb4 axb4 17.Qc2 c5 18.Nd2 Be7 19.Rfe1 Rfe8 20.Be4 Be6 21.Qd1 Qd7 22.Ra1 Bg4
23.Bf3 Bf5 24.Qe2 Bf8 25.Qf1 Rxe1 26.Rxe1 Ra8 27.Ra1 Ra6 28.Be4 Bxe4 29.Nxe4 Qg4
30.Kg2 h5 31.h3 Qg6 32.Qe2 h4 33.Qf3 hxg3 34.Nxg3 Rf6 35.Qe4 Qxe4+ 36.Nxe4 Ra6
37.Nd2 Be7 38.Nf3 Bd6 39.Ne1 Bf4 40.Nc2 Bd2 41.a4 bxa3 42.Rxa3 Rb6 43.Kf1 Kh7
44.Ne1 Bb4 45.Ra8 Bxe1 46.Kxe1 Rxb3 47.Ke2 Rb2+ 48.Ke1 g5 49.Rc8 b6 50.Rc6 Kg7
51.Rd6 f6 52.Rd7+ Kg6 53.Rd5 Ra2 54.Rd6 Ra1+ 55.Ke2 Ra6 56.Rd8 Ra1 57.Rd6 Ra6
58.Rd5 Ra2+ 59.Ke1 Rb2 60.Rd8 Kf5 61.Rb8 Kf4 62.Rf8 f5 63.Rf6 b5 64.cxb5 Rxb5
65.Rf8 Rb2 66.Rf7 Rc2 67.Rf8 Ra2 68.Rf7 Ra6 69.Kf1 c4 70.dxc4 Rc6 71.Ke2 Rxc4
72.Rd7 Rc2+ 73.Ke1 Ke4 74.Rg7 Kd3 75.Kf1 Rc5 76.Rg6  0-1

[Event "IBM"]
[Site "Amsterdam"]
[Date "1978.??.??"]
[Round "11"]
[White "Langeweg, Kick"]
[Black "Hort, Vlastimil"]
[Result "1/2-1/2"]
[WhiteElo "2450"]
[BlackElo "2620"]

1.Nf3 d5 2.c4 d4 3.e3 Nc6 4.exd4 Nxd4 5.Nxd4 Qxd4 6.Nc3 e5 7.d3 Ne7 8.Be3 Qd8
9.d4 exd4 10.Qxd4 Qxd4 11.Bxd4 Nc6 12.Be3 Bb4 13.Rc1 Bf5 14.a3 Bxc3+ 15.Rxc3 O-O-O
16.c5 Ne5 17.Be2 Rhe8 18.O-O Bd3 19.Bxd3 Nxd3 20.b4 c6 21.g3 Re4 22.Rb1 a6
23.Kf1 Rd5 24.h3 f6 25.Ke2 Ne5 26.Rbc1 Ng6 27.Kf3 Re6 28.a4 Ne7 29.Rb3 Rf5+
30.Ke2 Nd5 31.b5 axb5 32.axb5 cxb5 33.Rxb5 Rfe5 34.Rb3 Rc6 35.Kf3 Nxe3 36.Rxe3 Rexc5
37.Rxc5 Rxc5 38.Re8+ Kd7 39.Rg8 Rf5+ 40.Kg2 g5 41.Rg7+ Kc6 42.Rxh7 b5 43.h4 gxh4
44.gxh4 b4 45.Re7 b3 46.Re1 Kd5 47.Kg3 Re5 48.Rh1 b2 49.Kg4 Re2 50.f3 Ke5
51.Rb1 Rg2+ 52.Kh5 Rc2 53.Kg6 Rg2+ 54.Kf7 f5  1/2-1/2

[Event "URS-FL"]
[Site "Ashkhabad"]
[Date "1978.??.??"]
[Round "11"]
[White "Kochyev, Alexander"]
[Black "Kakageldyev, Amanmurad"]
[Result "1-0"]
[WhiteElo "2555"]
[BlackElo "2415"]

1.Nf3 d5 2.c4 c6 3.d4 Nf6 4.Qc2 g6 5.Bf4 Bg7 6.e3 O-O 7.Nc3 Na6 8.Be2 dxc4
9.Bxc4 Nb4 10.Qb3 a5 11.a3 Nbd5 12.Be5 a4 13.Qc2 Bf5 14.e4 Nxc3 15.exf5 Ncd5
16.h4 Qa5+ 17.Kf1 e6 18.fxe6 fxe6 19.Re1 Nh5 20.Bxg7 Nxg7 21.h5 gxh5 22.Bd3 Nf6
23.Re5 Qc7 24.Rh3 Kh8 25.Kg1 Ra5 26.Qd2 Rxe5 27.Nxe5 Ng8 28.Qg5 Qe7 29.Qg6 hxg6
30.Nxg6+ Kh7 31.Nxe7+ Kh6 32.Nxg8+ Rxg8 33.Rg3 Rd8 34.Rg6+ Kh7 35.Rxe6+ Kh8
36.Rh6+ Kg8 37.Bc4+ Kf8 38.d5 cxd5 39.Rh8+ Ke7 40.Rxd8 Kxd8 41.Bxd5  1-0

[Event "FRG-ch"]
[Site "Bad Neuenahr"]
[Date "1978.??.??"]
[Round "4"]
[White "Feustel, Bernd"]
[Black "Dankert, Peter"]
[Result "1/2-1/2"]
[WhiteElo "2350"]
[BlackElo "2260"]

1.Nf3 d5 2.c4 e6 3.g3 Nf6 4.Bg2 Be7 5.O-O O-O 6.b3 c5 7.d3 Nc6 8.Na3 b6 9.Nc2 Bb7
10.Rb1 Qd7 11.Bb2 Rad8 12.a3 Rfe8 13.Qc1 d4 14.b4 Bf8 15.Ba1 e5 16.b5 Na5
17.e4 dxe3 18.Nxe5 Rxe5 19.Bxe5 Ng4 20.Bh3 e2 21.Re1 Nxe5 22.Bxd7 Nf3+ 23.Kh1 Nxe1+
24.Bc6 Nxd3 25.Qe3 Nxc6 26.bxc6 Bxc6+ 27.Kg1 Nf4 28.gxf4 Rd1+ 29.Ne1 Rxb1
30.Qxe2 g6 31.Kf1 h6 32.Qd3 Ra1 33.f5 g5 34.f6 a6 35.Qg3 Be4 36.h4 Bg6 37.f4 gxf4
38.Qxf4 Rd1 39.Qf3 Rd4 40.h5 Be4 41.Qg3+ Kh8 42.Qb8  1/2-1/2

[Event "HUN-ch"]
[Site "Budapest"]
[Date "1978.??.??"]
[Round "?"]
[White "Szekely, Peter"]
[Black "Kovacs, Laszlo M"]
[Result "1-0"]
[WhiteElo "2200"]
[BlackElo "2400"]

1.Nf3 d5 2.c4 c6 3.d4 Nf6 4.Qb3 e6 5.Bf4 Nbd7 6.Nc3 Nh5 7.Bd2 f5 8.h3 Nhf6
9.g4 g6 10.gxf5 dxc4 11.Qxc4 Nb6 12.Qb3 exf5 13.Bg2 Bg7 14.O-O Nbd5 15.Ne5 Qb6
16.Nxd5 cxd5 17.Qa4+ Bd7 18.Nxd7 Nxd7 19.e3 Qc6 20.Qa5 Nb6 21.Rac1 Qd7 22.Bb4 Kf7
23.Rc5 Rhc8 24.Rxd5 Nxd5 25.Qxd5+ Qxd5 26.Bxd5+ Kf6 27.Bxb7 Rab8 28.Bxc8 Rxb4
29.b3 f4 30.Rc1 fxe3 31.fxe3 Bh6 32.Kf2 a5 33.Rc6+ Ke7 34.Rc7+ Kf6 35.Rxh7 Bg7
36.Rh4 a4 37.Rf4+ Ke7 38.Re4+ Kf6 39.Be6  1-0

[Event "HUN-ch"]
[Site "Budapest"]
[Date "1978.??.??"]
[Round "?"]
[White "Szekely, Peter"]
[Black "Farago, Ivan"]
[Result "1/2-1/2"]
[WhiteElo "2200"]
[BlackElo "2510"]

1.Nf3 d5 2.c4 e6 3.g3 Nf6 4.Bg2 Be7 5.O-O O-O 6.d4 Nbd7 7.Qc2 c6 8.b3 b5
9.Nbd2 bxc4 10.bxc4 Ba6 11.Bb2 Rb8 12.Rab1 Qa5 13.Bc3 Bb4 14.Rxb4 Rxb4 15.Bxb4 Qxb4
16.Rb1 Qa3 17.e3 c5 18.Bf1 cxd4 19.Nxd4 Rc8 20.Qb3 Qa5 21.Qb4 Qxb4 22.Rxb4 Nb6
23.cxd5 Nfxd5 24.Rb1 Bxf1 25.Kxf1 e5 26.Nb5 Rc2 27.e4 Nf6 28.Ke1 Rxa2 29.Nxa7 Nfd7
30.Nc6 g5 31.Ne7+ Kg7 32.Nf5+ Kg6 33.Ne7+  1/2-1/2

[Event "Buenos Aires ol (Men)"]
[Site "Buenos Aires"]
[Date "1978.??.??"]
[Round "?"]
[White "Monier, Raul"]
[Black "De Guzman, Ricardo"]
[Result "1-0"]
[WhiteElo "2200"]
[BlackElo "2200"]

1.Nf3 d5 2.c4 c6 3.cxd5 cxd5 4.d4 Nf6 5.Nc3 e6 6.Bf4 Be7 7.e3 O-O 8.Bd3 Nc6
9.a3 h6 10.Rc1 Bd6 11.Bg3 Bxg3 12.hxg3 b6 13.O-O Bb7 14.Qe2 Rc8 15.Rfd1 Qe7
16.Bb1 e5 17.dxe5 Nxe5 18.Nxe5 Qxe5 19.Rd4 Ne4 20.Bxe4 dxe4 21.Rcd1 Bc6 22.Qg4 Rfe8
23.Qf4 Qxf4 24.gxf4 g5 25.fxg5 hxg5 26.Rc4 Bd7 27.Rxc8 Bxc8 28.Nb5 Re5 29.Nxa7 Kg7
30.Nxc8  1-0

[Event "Buenos Aires ol (Men)"]
[Site "Buenos Aires"]
[Date "1978.??.??"]
[Round "?"]
[White "Mascarinas, Rico"]
[Black "Frias, Victor J"]
[Result "1/2-1/2"]
[WhiteElo "2355"]
[BlackElo "2390"]

1.Nf3 d5 2.c4 c6 3.b3 Nf6 4.Bb2 Nbd7 5.g3 e6 6.Bg2 Bd6 7.O-O e5 8.cxd5 cxd5
9.Nc3 a6 10.Nh4 Nb6 11.d4 e4 12.f3 exf3 13.Bxf3 O-O 14.e4 dxe4 15.Nxe4 Nbd5
16.Nxf6+ Nxf6 17.Bg2 Ng4  1/2-1/2

[Event "Buenos Aires ol (Men)"]
[Site "Buenos Aires"]
[Date "1978.??.??"]
[Round "?"]
[White "Helmers, Knut J"]
[Black "Preissmann, Emmanuel"]
[Result "1/2-1/2"]
[WhiteElo "2345"]
[BlackElo "2320"]

1.Nf3 d5 2.c4 e6 3.g3 Nf6 4.Bg2 Be7 5.O-O O-O 6.b3 c5 7.Bb2 Nc6 8.e3 b6 9.Nc3 Bb7
10.cxd5 Nxd5 11.Nxd5 Qxd5 12.d4 Rad8 13.Ne5 Qd7 14.Nxc6 Bxc6 15.Qg4 cxd4
16.Bxd4 g6 17.Bxc6 Qxc6 18.Rac1 Qb7 19.Qf4 Qd5 20.Rfd1 Rd7 21.e4 Qg5 22.Qe5 Qxe5
23.Bxe5 Rxd1+ 24.Rxd1 f6 25.Rd7 Bc5 26.Bd6 Bxd6 27.Rxd6 e5 28.Kg2 Rf7 29.Kf3 Kf8
30.Rc6 Ke8 31.b4 Kd7 32.b5 f5 33.exf5 Rxf5+ 34.Ke3 e4 35.a4 Rf3+ 36.Kxe4 Rxf2
37.h4 Ra2 38.Rc4 Ra3 39.Rd4+ Ke6 40.Kf4 h6 41.g4 Rh3  1/2-1/2